[Event "USCL San Francisco vs Arizona"]
[Site "Internet Chess Club"]
[Date "2010.10.04"]
[Round "7"]
[White "Kraai, Jesse"]
[Black "Barcenilla, Rogelio"]
[Result "1-0"]
[WhiteElo "2551"]
[BlackElo "2583"]
[PlyCount "85"]
[EventDate "2010.??.??"]

1. c4 Nf6 2. Nc3 g6 3. e4 d6 4. d4 Bg7 5. Nf3 O-O 6. Be2 e5 7. O-O Nc6 8. d5
Ne7 9. Nd2 a5 10. a3 Nd7 11. Rb1 f5 12. b4 axb4 13. axb4 Kh8 14. Qc2 Nf6 15. f3
c6 16. dxc6 bxc6 17. Kh1 Be6 18. Nb3 d5 19. Nc5 Bg8 20. cxd5 cxd5 21. exd5
Nexd5 22. Nxd5 Nxd5 23. Bc4 Qe7 24. Bxd5 Bxd5 25. Rd1 Rfd8 26. Bb2 h5 27. Ra1
Rab8 28. Bc3 Kh7 29. Re1 Re8 30. h3 e4 31. fxe4 Bxc3 32. Qxc3 Bxe4 33. Rad1
Rbd8 34. Rxd8 Rxd8 35. Nxe4 fxe4 36. b5 Re8 37. Qe3 Qb4 38. b6 Re7 39. Ra1 Qb5
40. Ra7 Qf1+ 41. Kh2 Qf7 42. Qa3 Qf4+ 43. Qg3 1-0

[Event "USCL San Francisco vs Arizona"]
[Site "Internet Chess Club"]
[Date "2010.10.04"]
[Round "7"]
[White "Naroditsky, Daniel"]
[Black "Adamson, Robby"]
[Result "0-1"]
[WhiteElo "2453"]
[BlackElo "2363"]
[PlyCount "90"]
[EventDate "2010.??.??"]

1. e4 c6 2. d3 d5 3. Nd2 e5 4. Ngf3 Bd6 5. g3 Nf6 6. Bg2 O-O 7. O-O Re8 8. b3
a5 9. a4 Na6 10. Bb2 Nb4 11. Re1 dxe4 12. Nxe4 Nxe4 13. dxe4 Qc7 14. Qe2 b6 15.
Rad1 Ba6 16. Qd2 Rad8 17. Qc1 f6 18. Bf1 Bxf1 19. Rxf1 Qc8 20. c3 Na6 21. Qe3
Nc5 22. Nd2 Qe6 23. Nc4 Nxb3 24. Nxd6 Rxd6 25. Ba3 c5 26. Rxd6 Qxd6 27. Qe2 Qc6
28. Qc4+ Qe6 29. Qxe6+ Rxe6 30. Rd1 Kf7 31. Rd7+ Re7 32. Rd8 Rb7 33. Kf1 Ke7
34. Rg8 Kf7 35. Rd8 Ke7 36. Rg8 Ke6 37. Ke2 Rd7 38. Rb8 Rd6 39. Rb7 g6 40. f3
h5 41. h4 f5 42. exf5+ Kxf5 43. Rf7+ Ke6 44. Rb7 Kd5 45. Kd3 Kc6+ 0-1

[Event "USCL San Francisco vs Arizona"]
[Site "Internet Chess Club"]
[Date "2010.10.04"]
[Round "7"]
[White "Adelberg, David"]
[Black "Liou, Yian"]
[Result "1/2-1/2"]
[WhiteElo "2275"]
[BlackElo "2254"]
[PlyCount "131"]
[EventDate "2010.??.??"]

1. d4 d5 2. c4 c6 3. Nf3 Nf6 4. e3 a6 5. Bd3 Bg4 6. Nbd2 Nbd7 7. h3 Bh5 8. Qc2
e6 9. b3 Be7 10. O-O O-O 11. Bb2 Rc8 12. Ng5 Bg6 13. Bxg6 hxg6 14. e4 c5 15. e5
Ne8 16. Ngf3 cxd4 17. Bxd4 Nc7 18. Qd3 Bc5 19. Qe3 Qe7 20. Rab1 Bxd4 21. Nxd4
Rfd8 22. Rfd1 Qa3 23. Rbc1 Qa5 24. f4 Qb6 25. a3 a5 26. Qf2 Qa7 27. b4 axb4 28.
axb4 dxc4 29. Nxc4 Nd5 30. Nd6 Rxc1 31. Rxc1 Nxb4 32. Rc7 Nd3 33. Qe3 Qa1+ 34.
Kh2 N3c5 35. Nb3 Nxb3 36. Qxb3 Nxe5 37. Ne4 Nd7 38. Qxb7 Qd4 39. Ng3 Qd6 40.
Qa7 Kh8 41. Qa5 Rf8 42. Qa7 Rd8 43. Qa5 Rf8 44. Qa7 Nf6 45. Rxf7 Rxf7 46. Qxf7
Qxf4 47. Qxe6 Kh7 48. Qe2 Nh5 49. Qf3 Qd6 50. Qg4 Qe5 51. Qh4 Kh6 52. Qg4 Qc7
53. Qh4 Kh7 54. Qg4 Qd6 55. Qh4 Kg8 56. Qg4 Kf7 57. Qf3+ Ke7 58. Qe3+ Kd8 59.
Qg5+ Kc8 60. Qg4+ Kb8 61. Qf3 Ka7 62. Qe3+ Ka6 63. Qe2+ Kb6 64. Qe3+ Kb7 65.
Qe4+ Kb8 66. Qf3 1/2-1/2

[Event "USCL Boston vs New Jersey"]
[Site "Internet Chess Club"]
[Date "2010.10.06"]
[Round "7"]
[White "Martirosov, Vadim"]
[Black "Kapengut, Albert"]
[Result "1/2-1/2"]
[WhiteElo "2248"]
[BlackElo "2372"]
[PlyCount "106"]
[EventDate "2010.??.??"]

1. e4 c5 2. Nf3 Nc6 3. d4 cxd4 4. Nxd4 g6 5. c4 Bg7 6. Be3 Nf6 7. Nc3 Ng4 8.
Qxg4 Nxd4 9. Qd1 Ne6 10. Rc1 b6 11. Be2 Bb7 12. Qd2 O-O 13. Nd5 Nc5 14. f3 a5
15. O-O f5 16. exf5 gxf5 17. Bg5 Rf7 18. Rfe1 Bxd5 19. cxd5 Qb8 20. Bc4 b5 21.
Bf1 Qb6 22. Kh1 e5 23. dxe6 Nxe6 24. Qd5 Rb8 25. Be3 Qb7 26. Red1 Bxb2 27. Rb1
Qxd5 28. Rxd5 Bc3 29. Rbxb5 Rxb5 30. Rxb5 Kg7 31. Bd3 f4 32. Bb6 a4 33. Rd5 a3
34. Bb5 Nf8 35. Bc5 Bb2 36. Bxf8+ Kxf8 37. Bxd7 Re7 38. h4 Re1+ 39. Kh2 Ra1 40.
Be6 Ke7 41. Bg8 Rxa2 42. Ra5 Ra1 43. Bxh7 Bf6 44. h5 a2 45. Bg8 Rh1+ 46. Kxh1
a1=Q+ 47. Rxa1 Bxa1 48. h6 Kf6 49. h7 Kg7 50. g3 fxg3 51. f4 Bd4 52. Kg2 Be3
53. Kxg3 Bxf4+ 1/2-1/2

[Event "USCL Boston vs New Jersey"]
[Site "Internet Chess Club"]
[Date "2010.10.06"]
[Round "7"]
[White "Christiansen, Larry"]
[Black "Benjamin, Joel"]
[Result "1/2-1/2"]
[WhiteElo "2665"]
[BlackElo "2614"]
[PlyCount "84"]
[EventDate "2010.??.??"]

1. e4 c6 2. d4 d5 3. f3 Qb6 4. Nc3 dxe4 5. fxe4 e5 6. dxe5 Bc5 7. Bc4 Bxg1 8.
Qf3 Be6 9. Bxe6 fxe6 10. Bg5 Qf2+ 11. Qxf2 Bxf2+ 12. Kxf2 Nd7 13. Ne2 Nxe5 14.
Nd4 Nf6 15. Rhe1 Kf7 16. Nf3 Nxf3 17. gxf3 e5 18. Red1 Rhd8 19. a4 Ke6 20. Be3
Ne8 21. Ke2 Nd6 22. b3 Rd7 23. h4 a6 24. h5 Rf8 25. Rg1 Ne8 26. Rg3 Nf6 27. Rg5
h6 28. Rf5 Nh7 29. Rxf8 Nxf8 30. Bf2 Nh7 31. Bh4 Kf7 32. Rg1 Rd6 33. Ke3 Rd7
34. a5 Ke6 35. Rg6+ Kf7 36. Rg1 Ke6 37. b4 Kf7 38. c3 Ke6 39. Rg6+ Kf7 40. Rg1
Ke6 41. Ke2 Kf7 42. Ke3 Ke6 1/2-1/2

[Event "USCL Boston vs New Jersey"]
[Site "Internet Chess Club"]
[Date "2010.10.06"]
[Round "7"]
[White "Gulko, Boris"]
[Black "Shmelov, Denys"]
[Result "1/2-1/2"]
[WhiteElo "2587"]
[BlackElo "2471"]
[PlyCount "75"]
[EventDate "2010.??.??"]

1. d4 Nf6 2. c4 e6 3. Nc3 Bb4 4. e3 b6 5. Nge2 c5 6. a3 Ba5 7. Rb1 Na6 8. d5
Bb7 9. g3 exd5 10. Bg2 O-O 11. O-O Bxc3 12. Nxc3 Nc7 13. cxd5 d6 14. e4 Nd7 15.
Re1 b5 16. b4 cxb4 17. axb4 Re8 18. Bf1 a6 19. Bb2 Ne5 20. f4 Nc4 21. Bxc4 bxc4
22. Qd4 f6 23. Qxc4 Nb5 24. Nxb5 axb5 25. Qd4 Qd7 26. Rbd1 Rac8 27. e5 fxe5 28.
fxe5 dxe5 29. Rxe5 Rxe5 30. Qxe5 Re8 31. Qd4 Re7 32. Qb6 Re2 33. Bc3 Bxd5 34.
Qb8+ Kf7 35. Qf4+ Kg8 36. Qb8+ Kf7 37. Qf4+ Kg8 38. Qb8+ 1/2-1/2

[Event "USCL Philadelphia vs New England"]
[Site "Internet Chess Club"]
[Date "2010.10.06"]
[Round "7"]
[White "Cherniack, Alex"]
[Black "Wilson, Elvin"]
[Result "1-0"]
[WhiteElo "2288"]
[BlackElo "2240"]
[PlyCount "79"]
[EventDate "2010.??.??"]

1. e4 e5 2. Nf3 Nc6 3. Bb5 a6 4. Ba4 Nf6 5. O-O Be7 6. Re1 b5 7. Bb3 d6 8. c3
O-O 9. h3 Nb8 10. d3 Nbd7 11. Nbd2 Bb7 12. Nf1 Re8 13. Ne3 Nc5 14. Bc2 Bf8 15.
b4 Ne6 16. Nf5 a5 17. Bd2 axb4 18. cxb4 c5 19. a4 Bc6 20. a5 Qb8 21. Bb3 Qb7
22. Ng5 c4 23. dxc4 bxc4 24. Bxc4 Nxg5 25. Bxg5 Nxe4 26. b5 Nxg5 27. bxc6 Qc7
28. Qa4 Ne6 29. Bd5 Nf4 30. Ne3 Nd3 31. Reb1 Nc5 32. Qa3 Ra7 33. Rb5 Rea8 34.
Nc4 g6 35. Rab1 Ne6 36. Rb7 Qd8 37. Bxe6 fxe6 38. Qe3 Ra6 39. c7 Qe8 40. Nb6
1-0

[Event "USCL Philadelphia vs New England"]
[Site "Internet Chess Club"]
[Date "2010.10.06"]
[Round "7"]
[White "Bonin, Jay"]
[Black "Hungaski, Robert"]
[Result "1/2-1/2"]
[WhiteElo "2424"]
[BlackElo "2520"]
[PlyCount "106"]
[EventDate "2010.??.??"]

1. b3 Nf6 2. Bb2 e6 3. c4 d5 4. Nf3 c5 5. g3 Nc6 6. Bg2 Be7 7. O-O d4 8. e3 e5
9. exd4 cxd4 10. d3 Bf5 11. Na3 O-O 12. Nc2 Nd7 13. Re1 Qc7 14. Nfxd4 exd4 15.
Bxc6 bxc6 16. Rxe7 c5 17. Qf3 Be6 18. Qf4 Qxf4 19. gxf4 Rfc8 20. Ba3 Nf8 21. b4
cxb4 22. Bxb4 Ng6 23. Rb7 Bf5 24. Nxd4 Bxd3 25. c5 Be4 26. Rd7 Nxf4 27. Re1 Bd5
28. Nf5 Be6 29. Ne7+ Kh8 30. Rxe6 Nxe6 31. Nxc8 Rxc8 32. Rxa7 h6 33. Rxf7 Nxc5
34. Bc3 Ne6 35. Be5 Rc5 36. f4 Rc1+ 37. Kf2 Rc2+ 38. Ke3 Rxa2 39. f5 Ra3+ 40.
Kd2 Ng5 41. Bxg7+ Kg8 42. Rb7 Ne4+ 43. Kc2 Nd6 44. Bb2 Rh3 45. Rg7+ Kf8 46. f6
Rxh2+ 47. Kb3 Rh3+ 48. Kb4 Ne8 49. Rh7 Rf3 50. Rxh6 Kf7 51. Rh7+ Kg6 52. f7
Rxf7 53. Rxf7 Kxf7 1/2-1/2

[Event "USCL St. Louis vs Chicago"]
[Site "Internet Chess Club"]
[Date "2010.10.06"]
[Round "7"]
[White "Brooks, Michael"]
[Black "Felecan, Florin"]
[Result "1/2-1/2"]
[WhiteElo "2411"]
[BlackElo "2415"]
[PlyCount "95"]
[EventDate "2010.??.??"]

1. e4 c5 2. Nf3 d6 3. Nc3 a6 4. d4 cxd4 5. Nxd4 Nf6 6. Bc4 e6 7. O-O b5 8. Bb3
Bb7 9. Re1 Nbd7 10. Bxe6 fxe6 11. Nxe6 Qc8 12. Bg5 Kf7 13. Nxf8 Rxf8 14. Qxd6
Qc5 15. Qxc5 Nxc5 16. f3 Ne6 17. Be3 Rac8 18. a3 Rfd8 19. Rad1 g5 20. Rxd8 Rxd8
21. Rd1 Rxd1+ 22. Nxd1 Nd7 23. Nf2 Ne5 24. Nd3 Nc4 25. Kf2 a5 26. Bc1 a4 27. b3
axb3 28. cxb3 Na5 29. a4 Nxb3 30. axb5 Nxc1 31. Nxc1 Nc7 32. b6 Na8 33. Kg3
Nxb6 34. h4 gxh4+ 35. Kxh4 Ba6 36. Nb3 Nd7 37. Nd4 Kg6 38. Kg4 Ne5+ 39. Kf4
Nd3+ 40. Ke3 Ne1 41. g3 h5 42. Ne6 Bc4 43. Nf4+ Kg5 44. Nh3+ Kf6 45. Nf4 Kg5
46. Nh3+ Kf6 47. Nf4 Kg5 48. Nh3+ 1/2-1/2

[Event "USCL Boston vs New Jersey"]
[Site "Internet Chess Club"]
[Date "2010.10.06"]
[Round "7"]
[White "Matlin, Anna"]
[Black "Krasik, Ilya"]
[Result "1/2-1/2"]
[WhiteElo "2078"]
[BlackElo "2253"]
[PlyCount "123"]
[EventDate "2010.??.??"]

1. d4 Nf6 2. c4 g6 3. Nc3 Bg7 4. e4 O-O 5. Nf3 d6 6. Be2 c5 7. d5 e6 8. h3 Re8
9. O-O exd5 10. exd5 Bf5 11. Be3 Rxe3 12. fxe3 Qe7 13. e4 Nxe4 14. Nxe4 Bxe4
15. Qd2 Nd7 16. Rae1 Bxf3 17. Bxf3 Bd4+ 18. Qxd4 Qxe1 19. Rxe1 cxd4 20. Rd1 Ne5
21. Rxd4 Rc8 22. Be2 Kg7 23. Kf2 f5 24. b3 Kf6 25. Rd2 Nd7 26. Bf3 Re8 27. Re2
Rxe2+ 28. Bxe2 Ke5 29. Ke3 a5 30. Bf3 Nc5 31. Bd1 g5 32. Bc2 h5 33. g3 Nd7 34.
a3 b6 35. Bd1 Nc5 36. Bxh5 Nxb3 37. Bd1 Nd4 38. h4 f4+ 39. gxf4+ gxf4+ 40. Kd3
Nf5 41. h5 Nh6 42. Bf3 Nf7 43. Be2 Kf5 44. Kd4 Ne5 45. h6 Kg6 46. Ke4 f3 47.
Bxf3 Nxc4 48. h7 Kxh7 49. Kf5 Nxa3 50. Ke6 Nc4 51. Bd1 b5 52. Kd7 a4 53. Kc7
Ne3 54. Be2 b4 55. Kxd6 b3 56. Kc5 Nxd5 57. Kc4 Ne3+ 58. Kb4 b2 59. Bd3+ Kg7
60. Kxa4 Nd1 61. Kb3 Kf6 62. Kc2 1/2-1/2

[Event "USCL Philadelphia vs New England"]
[Site "Internet Chess Club"]
[Date "2010.10.06"]
[Round "7"]
[White "van de Mortel, Jan"]
[Black "Dehmelt, Karl"]
[Result "1-0"]
[WhiteElo "2462"]
[BlackElo "2308"]
[PlyCount "115"]
[EventDate "2010.??.??"]

1. Nf3 Nf6 2. g3 d6 3. Bg2 e5 4. d3 Be7 5. c4 O-O 6. Nc3 Re8 7. O-O Bf8 8. Bg5
h6 9. Bxf6 Qxf6 10. b4 Qd8 11. b5 g6 12. Nd2 Bg7 13. Rb1 Nd7 14. Nd5 Nc5 15.
Nb3 Ne6 16. Nb4 Rb8 17. a4 Nc5 18. a5 e4 19. a6 Na4 20. Qc2 Nc3 21. Rbe1 d5 22.
axb7 Bxb7 23. Na5 dxc4 24. dxc4 Qd4 25. Qb3 Qd2 26. e3 Bc8 27. Nac6 Rb6 28. Rd1
Nxd1 29. Rxd1 Qc3 30. Qxc3 Bxc3 31. Nd5 Bg4 32. Rb1 Bg7 33. Nxc7 Rf8 34. Bxe4
Be2 35. c5 Rbb8 36. Nxa7 Rbd8 37. Nc6 Rd7 38. b6 Kh7 39. h4 Rc8 40. Nb5 Bd3 41.
Bxd3 Rxc6 42. Nd4 Rxc5 43. b7 Be5 44. b8=Q Bxb8 45. Rxb8 Kg7 46. g4 Ra5 47. Rb2
Ra3 48. Be2 Re7 49. Kg2 Ra1 50. h5 Rea7 51. hxg6 fxg6 52. Rb6 Rf7 53. Ne6+ Kh7
54. Bd3 Rf6 55. Ng5+ Kg7 56. Rb7+ Kh8 57. Nf7+ Kg7 58. Ne5+ 1-0

[Event "USCL Philadelphia vs New England"]
[Site "Internet Chess Club"]
[Date "2010.10.06"]
[Round "7"]
[White "Costigan, Richard"]
[Black "Riordan, Charles"]
[Result "1/2-1/2"]
[WhiteElo "2288"]
[BlackElo "2397"]
[PlyCount "101"]
[EventDate "2010.??.??"]

1. e4 c5 2. Nf3 d6 3. c3 Nf6 4. Bd3 Bg4 5. Bc2 e6 6. d3 Nc6 7. Nbd2 d5 8. h3
Bh5 9. Qe2 Be7 10. Nf1 c4 11. Ng3 cxd3 12. Bxd3 Bg6 13. O-O O-O 14. Rd1 Qc7 15.
exd5 Bxd3 16. Rxd3 Nxd5 17. Bd2 Rad8 18. Rd1 a6 19. Bc1 Nf4 20. Bxf4 Qxf4 21.
Rd7 Qb8 22. Ne4 Rxd7 23. Rxd7 Rd8 24. Qd2 Qc8 25. Rd3 Rxd3 26. Qxd3 Qd8 27.
Qxd8+ Nxd8 28. Ne5 f6 29. Nd3 Kf7 30. f3 e5 31. Nec5 Bd6 32. Kf2 f5 33. Ke3 Ke7
34. b4 Bxc5+ 35. Nxc5 Kd6 36. Kd3 Kd5 37. a4 a5 38. c4+ Kd6 39. Kc3 b6 40. Nd3
Nc6 41. bxa5 bxa5 42. Nc1 g5 43. Nb3 h5 44. Kd3 Nb4+ 45. Kd2 Nc6 46. Ke3 h4 47.
Kd3 Ke6 48. Nc5+ Kd6 49. Nb3 Ke6 50. Nc5+ Kd6 51. Nb3 1/2-1/2

[Event "USCL St. Louis vs Chicago"]
[Site "Internet Chess Club"]
[Date "2010.10.06"]
[Round "7"]
[White "Tsai, Cindy"]
[Black "Finegold, Spencer"]
[Result "1/2-1/2"]
[WhiteElo "2171"]
[BlackElo "1991"]
[PlyCount "104"]
[EventDate "2010.??.??"]

1. d4 d5 2. c4 e6 3. Nc3 c5 4. cxd5 exd5 5. Nf3 Nc6 6. g3 Nf6 7. Bg2 Be7 8. O-O
O-O 9. Bg5 cxd4 10. Nxd4 h6 11. Bf4 Be6 12. Nxe6 fxe6 13. e4 d4 14. Ne2 e5 15.
Bd2 Qb6 16. Qb3+ Qxb3 17. axb3 Bb4 18. Bxb4 Nxb4 19. Ra5 Nd3 20. f4 b6 21. Ra2
Rfd8 22. Rd1 Nb4 23. Ra4 d3 24. Nc3 a5 25. fxe5 Ng4 26. Nd5 b5 27. Rxb4 axb4
28. e6 Ne5 29. e7 Re8 30. Nc7 Rac8 31. Nxe8 Rxe8 32. Bf1 Rxe7 33. Bxd3 Nxd3 34.
Rxd3 Rxe4 35. Kf2 Kf7 36. Rd5 g5 37. Rxb5 g4 38. Rb6 Kg7 39. Rc6 Rd4 40. Ke2
Re4+ 41. Kf2 Rd4 42. Rc4 Rd2+ 43. Ke3 Rxh2 44. Rxg4+ Kf6 45. Rxb4 Rxb2 46. Kf4
h5 47. Rb6+ Kf7 48. Kg5 Rg2 49. Kh4 Rh2+ 50. Kg5 Rg2 51. Kf4 Rf2+ 52. Kg5 Rg2
1/2-1/2

[Event "USCL Los Angeles vs Seattle"]
[Site "Internet Chess Club"]
[Date "2010.10.06"]
[Round "7"]
[White "Kavutskiy, Konstantin"]
[Black "Rohonyan, Katerina"]
[Result "1-0"]
[WhiteElo "2253"]
[BlackElo "2327"]
[PlyCount "57"]
[EventDate "2010.??.??"]

1. d4 d5 2. c4 c6 3. Nf3 Nf6 4. Nc3 a6 5. a4 e6 6. g3 c5 7. cxd5 Nxd5 8. Bg2
cxd4 9. Nxd5 Qxd5 10. O-O Bc5 11. Bf4 O-O 12. Ng5 Qf5 13. Be4 Qg4 14. Qc2 e5
15. Qxc5 Nd7 16. Qe7 exf4 17. Nxh7 g6 18. Nxf8 Nxf8 19. Bf3 Qh3 20. Rfd1 fxg3
21. hxg3 Bg4 22. Rxd4 Bxf3 23. exf3 Rc8 24. Rd8 Rxd8 25. Qxd8 Qf5 26. Rc1 Qxf3
27. Rc8 Kh7 28. Qd4 Kg8 29. Qd6 1-0

[Event "USCL Los Angeles vs Seattle"]
[Site "Internet Chess Club"]
[Date "2010.10.06"]
[Round "7"]
[White "Mikhailuk, Slava"]
[Black "Banawa, Joel"]
[Result "1-0"]
[WhiteElo "2431"]
[BlackElo "2416"]
[PlyCount "83"]
[EventDate "2010.??.??"]

1. c4 Nf6 2. Nc3 g6 3. e4 d6 4. d4 Bg7 5. f3 b6 6. Nge2 Bb7 7. Bg5 Nbd7 8. Qd2
c5 9. d5 Ne5 10. Ng3 h6 11. Be3 h5 12. Be2 h4 13. Nf1 a6 14. h3 Qc7 15. f4 Ned7
16. Bf2 Bc8 17. Nh2 Nh5 18. Bxh5 Rxh5 19. Nf3 b5 20. cxb5 axb5 21. Nxb5 Qb8 22.
a4 Qxb5 23. axb5 Rxa1+ 24. Ke2 Rxh1 25. Qa5 Rb1 26. Qc7 Rxb2+ 27. Kf1 Rb1+ 28.
Be1 e6 29. dxe6 fxe6 30. Qxc8+ Ke7 31. Qg8 Bf8 32. Qxg6 Rh6 33. Qg5+ Ke8 34.
Ke2 Rb2+ 35. Kd1 Nf6 36. e5 Nd5 37. Ba5 Rxg2 38. Qd8+ Kf7 39. Ng5+ Kg8 40. Qe8
Rxg5 41. fxg5 Rh7 42. Qxe6+ 1-0

[Event "USCL Los Angeles vs Seattle"]
[Site "Internet Chess Club"]
[Date "2010.10.06"]
[Round "7"]
[White "Sinanan, Joshua"]
[Black "Gupta, Ankit"]
[Result "0-1"]
[WhiteElo "2267"]
[BlackElo "2290"]
[PlyCount "118"]
[EventDate "2010.??.??"]

1. d4 d5 2. c4 dxc4 3. e3 c5 4. Nf3 Nf6 5. Bxc4 e6 6. O-O a6 7. Bb3 b5 8. a4 b4
9. Nbd2 Be7 10. e4 O-O 11. e5 Nd5 12. Nc4 Nc6 13. a5 Nxd4 14. Nxd4 cxd4 15.
Qxd4 Bb7 16. Qg4 Kh8 17. Rd1 Qc7 18. Rd3 f6 19. Rh3 fxe5 20. Qh5 Nf6 21. Qxe5
Qc6 22. Rg3 Qe4 23. Be3 Qxe5 24. Nxe5 Bd5 25. Bxd5 exd5 26. Bd4 Ne4 27. Rh3 Kg8
28. Nc6 Bd6 29. f3 Nd2 30. Rd1 Rac8 31. Rxd2 Rxc6 32. Rh5 Rd8 33. Bb6 Bc5+ 34.
Bxc5 Rxc5 35. Rh4 Rb5 36. Kf2 b3 37. Ra4 Rc8 38. Ra3 Kf7 39. Ke3 Rc2 40. Kd3
Rcc5 41. Kd4 Rc4+ 42. Kd3 Rc1 43. Ra4 Ke6 44. h4 Kd6 45. h5 Kc5 46. Rg4 g6 47.
hxg6 hxg6 48. Rxg6 Rxa5 49. g4 Ra4 50. Ke2 Rc2 51. Rxc2+ bxc2 52. Kd2 Rc4 53.
Kc1 d4 54. Rg8 d3 55. Rc8+ Kd4 56. Rxc4+ Kxc4 57. g5 Kb3 58. g6 d2+ 59. Kxd2
Kxb2 0-1

[Event "USCL New York vs New Jersey"]
[Site "Internet Chess Club"]
[Date "2010.10.18"]
[Round "9"]
[White "Lenderman, Alex"]
[Black "Gulko, Boris"]
[Result "1/2-1/2"]
[WhiteElo "2608"]
[BlackElo "2587"]
[PlyCount "50"]
[EventDate "2010.??.??"]

1. d4 Nf6 2. c4 e6 3. Nf3 b6 4. g3 Bb7 5. Bg2 Be7 6. O-O O-O 7. Nc3 Ne4 8. Qc2
Nxc3 9. bxc3 Nc6 10. Ne5 Na5 11. Bxb7 Nxb7 12. Rd1 Na5 13. Qa4 d6 14. Nc6 Qd7
15. Nxe7+ Qxe7 16. c5 Qe8 17. Qb4 d5 18. Bf4 Qc6 19. a4 Rfc8 20. Qb5 f6 21. h4
Kf7 22. f3 Qxb5 23. axb5 c6 24. Rxa5 bxa5 25. b6 axb6 1/2-1/2

[Event "USCL New York vs New Jersey"]
[Site "Internet Chess Club"]
[Date "2010.10.18"]
[Round "9"]
[White "Getz, Alec"]
[Black "Kapengut, Albert"]
[Result "1/2-1/2"]
[WhiteElo "2377"]
[BlackElo "2372"]
[PlyCount "80"]
[EventDate "2010.??.??"]

1. e4 c5 2. Nf3 g6 3. d4 cxd4 4. Nxd4 Bg7 5. c4 Nc6 6. Be3 Nf6 7. Nc3 Ng4 8.
Qxg4 Nxd4 9. Qd1 Ne6 10. Rc1 b6 11. Bd3 Bb7 12. O-O Nc5 13. Bb1 a5 14. Qd2 O-O
15. Nd5 e6 16. Nc3 Bc6 17. Bh6 f5 18. Bxg7 Kxg7 19. e5 Qh4 20. Ne2 f4 21. f3
Qg5 22. Qd4 Rad8 23. Nc3 d5 24. exd6+ e5 25. Qd2 Rf6 26. Rcd1 Re6 27. Be4 Bxe4
28. Nxe4 Nxe4 29. fxe4 Rexd6 30. Qxd6 Rxd6 31. Rxd6 f3 32. Rxf3 Qc1+ 33. Rf1
Qxc4 34. Rd7+ Kh6 35. h3 Qxe4 36. Rff7 Kg5 37. Rxh7 Qe3+ 38. Kh2 Qf4+ 39. Kh1
Qc1+ 40. Kh2 Qf4+ 1/2-1/2

[Event "USCL Chicago vs Miami"]
[Site "Internet Chess Club"]
[Date "2010.10.18"]
[Round "9"]
[White "Rosenthal, Nicholas"]
[Black "Rosen, Eric"]
[Result "0-1"]
[WhiteElo "2047"]
[BlackElo "2227"]
[PlyCount "56"]
[EventDate "2010.??.??"]

1. e4 c5 2. d4 cxd4 3. c3 dxc3 4. Nxc3 Nc6 5. Nf3 e6 6. Bc4 a6 7. Bf4 d6 8. Qe2
Nge7 9. O-O Ng6 10. Be3 Be7 11. Rfd1 O-O 12. Rac1 b5 13. Bb3 Bb7 14. Nd4 Nxd4
15. Bxd4 Rc8 16. Qg4 Bf6 17. a3 Bxd4 18. Rxd4 Rc5 19. Rcd1 Rg5 20. Qf3 Nh4 21.
Qh3 Nxg2 22. Kf1 Qf6 23. Rxd6 Qg6 24. Ne2 Qxe4 25. Qc3 Nf4 26. Ng3 Rxg3 27.
Qxg3 Qh1+ 28. Qg1 Bg2+ 0-1

[Event "USCL Baltimore vs Boston"]
[Site "Internet Chess Club"]
[Date "2010.10.18"]
[Round "9"]
[White "Sammour-Hasbun, Jorge"]
[Black "Kaplan, Sasha"]
[Result "1-0"]
[WhiteElo "2603"]
[BlackElo "2482"]
[PlyCount "83"]
[EventDate "2010.??.??"]

1. e4 e5 2. Nf3 Nc6 3. Bb5 a6 4. Ba4 Nf6 5. O-O Be7 6. Re1 b5 7. Bb3 O-O 8. c3
d5 9. exd5 Nxd5 10. Nxe5 Nxe5 11. Rxe5 c6 12. d4 Bd6 13. Re1 Qh4 14. g3 Qh3 15.
Re4 g5 16. Qe1 Bf5 17. Nd2 Nf6 18. f3 Rae8 19. Rxe8 Rxe8 20. Qf2 h6 21. a4 Bd3
22. Ne4 Bxe4 23. fxe4 Rxe4 24. Bxg5 Bxg3 25. Bxf7+ Kf8 26. hxg3 Ng4 27. Qg2
Qxg2+ 28. Kxg2 hxg5 29. Bh5 Nf6 30. Bf3 Re6 31. axb5 axb5 32. g4 Ke7 33. Ra7+
Kd6 34. Rg7 b4 35. Rxg5 bxc3 36. bxc3 Re3 37. Rc5 Nd5 38. Kf2 Rd3 39. g5 Nxc3
40. g6 Ke7 41. Rxc6 Nb5 42. g7 1-0

[Event "USCL New York vs New Jersey"]
[Site "Internet Chess Club"]
[Date "2010.10.18"]
[Round "9"]
[White "Shen, Arthur"]
[Black "Ostrovskiy, Alex"]
[Result "1/2-1/2"]
[WhiteElo "2220"]
[BlackElo "2289"]
[PlyCount "115"]
[EventDate "2010.??.??"]

1. e4 c6 2. d4 d5 3. Nc3 dxe4 4. Nxe4 Bf5 5. Ng3 Bg6 6. h4 h6 7. Nf3 Nd7 8. h5
Bh7 9. Bd3 Bxd3 10. Qxd3 e6 11. Bd2 Ngf6 12. O-O-O Be7 13. Kb1 O-O 14. Qe2 c5
15. d5 Nxd5 16. Ne4 Qb6 17. c4 N5f6 18. Nc3 Rad8 19. Rhg1 Ng4 20. Ne1 f5 21.
Nd3 Bg5 22. f3 Bxd2 23. Rxd2 Ngf6 24. Nf4 Rfe8 25. g4 fxg4 26. fxg4 Nh7 27.
Rgd1 Ndf8 28. Rxd8 Rxd8 29. Rxd8 Qxd8 30. Nxe6 Qe7 31. Nf4 Qxe2 32. Nfxe2 Nf6
33. Nb5 a6 34. Nd6 b6 35. Nf4 N8d7 36. Kc2 Nxg4 37. Kc3 Nge5 38. Nf5 Kf7 39.
Nd5 g6 40. hxg6+ Kxg6 41. Nd6 h5 42. Kd2 Kg5 43. Ke3 h4 44. b3 Kg4 45. Kf2 Nd3+
46. Kg1 Nc1 47. Nc3 Ne5 48. Nc8 h3 49. Nxb6 Nf3+ 50. Kh1 Nd3 51. Nd1 Nf4 52.
Nf2+ Kg3 53. Ne4+ Kg4 54. Nd7 Ne2 55. Ndxc5 Kf4 56. b4 Ned4 57. a4 Ne5 58. b5
1/2-1/2

[Event "USCL Chicago vs Miami"]
[Site "Internet Chess Club"]
[Date "2010.10.18"]
[Round "9"]
[White "Felecan, Florin"]
[Black "Martinez, Marcel"]
[Result "0-1"]
[WhiteElo "2415"]
[BlackElo "2475"]
[PlyCount "80"]
[EventDate "2010.??.??"]

1. e4 c5 2. Nf3 d6 3. d4 cxd4 4. Nxd4 Nf6 5. Nc3 a6 6. Bc4 e6 7. Bb3 b5 8. Bg5
b4 9. Na4 Bd7 10. c3 bxc3 11. Nxc3 Be7 12. O-O O-O 13. Qf3 Nc6 14. Nxc6 Bxc6
15. Rfd1 Qb8 16. Qg3 Rd8 17. Bh6 Bf8 18. Qh4 Nd7 19. Bg5 Re8 20. Rd3 h6 21. Rh3
a5 22. Qh5 a4 23. Bc4 Ra5 24. f4 Nf6 25. Qh4 Nxe4 26. Nxe4 Bxe4 27. b3 Qb6+ 28.
Kh1 Bf5 29. Rg3 hxg5 30. fxg5 Re5 31. Rf1 Re4 32. Qh5 g6 33. Qf3 axb3 34. Bxb3
Rh4 35. Qe2 Qc5 36. Re3 Bg7 37. h3 d5 38. Qf2 Re4 39. Rf3 Qxf2 40. R3xf2 Re3
0-1

[Event "USCL Chicago vs Miami"]
[Site "Internet Chess Club"]
[Date "2010.10.18"]
[Round "9"]
[White "Gonzalez, Renier"]
[Black "Amanov, Mesgen"]
[Result "0-1"]
[WhiteElo "2540"]
[BlackElo "2508"]
[PlyCount "106"]
[EventDate "2010.??.??"]

1. e4 c5 2. Nf3 d6 3. c3 Nf6 4. h3 Nbd7 5. Bd3 b6 6. Bc2 Bb7 7. Qe2 Rc8 8. d3
g6 9. O-O Bg7 10. Nbd2 O-O 11. Re1 e5 12. Nf1 d5 13. Ng3 Qc7 14. Bg5 h6 15.
Bxf6 Nxf6 16. c4 d4 17. Ba4 Nh7 18. a3 Ng5 19. Nxg5 hxg5 20. Qg4 Bf6 21. b4
Rcd8 22. Reb1 Bc8 23. Qf3 Be7 24. Ra2 Kg7 25. Nf1 Rh8 26. Nh2 Rh4 27. Qg3 g4
28. bxc5 bxc5 29. Bd1 gxh3 30. Ng4 hxg2 31. Qxe5+ Qxe5 32. Nxe5 Rdh8 33. Nf3
Rg4 34. Nh2 Rg5 35. f4 Rg3 36. Rxg2 Rxd3 37. f5 Re3 38. Nf1 Rxe4 39. Bc2 Reh4
40. fxg6 Rh1+ 41. Kf2 Bh3 42. gxf7+ Bxg2 43. Kxg2 Kxf7 44. Rb7 R1h4 45. Rxa7
Rg8+ 46. Kf2 Rf4+ 47. Ke1 Rg1 48. Bd3 Ke6 49. Ra6+ Ke5 50. Rc6 Bh4+ 51. Kd2
Rf2+ 52. Be2 Rgxf1 53. Rxc5+ Ke4 0-1

[Event "USCL Chicago vs Miami"]
[Site "Internet Chess Club"]
[Date "2010.10.18"]
[Round "9"]
[White "Gurevich, Dmitry"]
[Black "Becerra, Julio"]
[Result "0-1"]
[WhiteElo "2481"]
[BlackElo "2628"]
[PlyCount "100"]
[EventDate "2010.??.??"]

1. Nf3 Nf6 2. c4 c6 3. Nc3 d5 4. e3 a6 5. d4 b5 6. b3 Bg4 7. Be2 e6 8. h3 Bxf3
9. Bxf3 Nbd7 10. O-O Be7 11. Qe2 O-O 12. Rd1 bxc4 13. bxc4 Nb6 14. c5 Nbd7 15.
e4 dxe4 16. Bxe4 Nd5 17. Nxd5 exd5 18. Bd3 Bf6 19. Be3 Re8 20. Rab1 Ra7 21. Qd2
g6 22. Rb3 a5 23. Rdb1 Qc8 24. Be2 Bg7 25. Bf3 a4 26. Rb4 a3 27. Bf4 h5 28. g4
hxg4 29. hxg4 Qd8 30. Kg2 Ra8 31. Rb7 Ra4 32. Bg5 Qc8 33. R1b4 Rxb4 34. Qxb4
Nf8 35. Ra7 f5 36. Kh3 Ne6 37. Be3 f4 38. Bd2 Bxd4 39. Qb1 Ng5+ 40. Kg2 Qe6 41.
Bxf4 Nxf3 42. Kxf3 Qe2+ 43. Kg2 Qxf2+ 44. Kh3 Qxf4 45. Qxg6+ Kf8 46. Rxa3 Qf1+
47. Kh4 Bf6+ 48. Kg3 Qg1+ 49. Kf3 Qh1+ 50. Kg3 Bh4+ 0-1